[Event "Bayern-chI Bank Hofmann 22nd"]
[Site "Tegernsee"]
[Date "2018.10.28"]
[Round "2"]
[White "Boehm, Uwe"]
[Black "Hess, Max"]
[Result "0-1"]
[WhiteElo "2065"]
[BlackElo "2326"]
[PlyCount "106"]
[EventDate "2018.10.27"]
[EventType "swiss"]
[EventRounds "9"]
[EventCountry "GER"]
[SourceTitle "CBM 187 Extra"]
[Source "ChessBase"]
[SourceDate "2018.11.04"]
[SourceVersion "1"]
[SourceVersionDate "2018.11.04"]
[SourceQuality "1"]

1. d4 Nf6 2. Nf3 g6 3. Bg5 Bg7 4. Nbd2 0-0 5. c3 d6 6. e4 c5 7. dxc5 dxc5 8. Be2 Nc6 9. 0-0 Qc7 10. Re1 b6 11. h3 Bb7 12. Qc2 h6 13. Be3 Rad8 14. Rad1 Nh5 15. Nh2 Nf4 16. Bf1 Bc8 17. Ndf3 g5 18. Qc1 Ng6 19. Bd3 Nce5 20. Nxe5 Nxe5 21. Be2 Bb7 22. f3 Ng6 23. Rxd8 Rxd8 24. Rd1 Rf8 25. Qc2 Bc8 26. Nf1 Be6 27. a4 Qc8 28. Nh2 Qc7 29. Ng4 Nh4 30. Bf2 h5 31. Ne3 Ng6 32. Bc4 Bc8 33. Bf1 Be5 34. Nd5 Qb7 35. Be2 e6 36. Ne3 Bb8 37. Rd2 Qc7 38. Nf1 Qe7 39. Bc4 Kg7 40. Rd1 g4 41. hxg4 hxg4 42. fxg4 Ne5 43. Be2 Qg5 44. Qd2 Qg6 45. g5 Rh8 46. Ng3 Nc6 47. Qe3 Bc7 48. Qf3 Qxg5 49. Nh5+ Kg6 50. e5 Nxe5 51. Qe4+ f5 52. Qa8 Ng4 53. Qxa7 Qxh5 0-1

[Event "Paderborn op 12th"]
[Site "Paderborn"]
[Date "2015.12.27"]
[Round "2"]
[White "Boehm, Uwe"]
[Black "Levin, Felix"]
[Result "1/2-1/2"]
[WhiteElo "2142"]
[BlackElo "2506"]
[PlyCount "99"]
[EventDate "2015.12.27"]
[EventType "swiss"]
[EventRounds "7"]
[EventCountry "GER"]
[SourceTitle "CBM 170 Extra"]
[Source "ChessBase"]
[SourceDate "2016.02.25"]
[SourceVersion "1"]
[SourceVersionDate "2016.02.25"]
[SourceQuality "1"]

1. d4 d5 2. Bf4 c5 3. e3 Nc6 4. Nc3 cxd4 5. exd4 Bf5 6. Nf3 e6 7. a3 Bg4 8. Be2 Bxf3 9. Bxf3 Bd6 10. Bxd6 Qxd6 11. 0-0 Nge7 12. Qd3 0-0 13. Rfd1 Rab8 14. Na2 Nf5 15. c3 b5 16. Nc1 Na5 17. Qe2 Nc4 18. b3 Na5 19. Qe1 Qc7 20. b4 Nc4 21. Nd3 a5 22. Nc5 Qc6 23. Be2 Nfd6 24. Rdb1 a4 25. Bd3 Rbe8 26. f4 f6 27. Qh4 g6 28. Re1 e5 29. fxe5 fxe5 30. Bxc4 Nxc4 31. dxe5 Nxe5 32. Qd4 Nc4 33. Rad1 Nxa3 34. Rxe8 Rxe8 35. Qxd5+ Qxd5 36. Rxd5 Nb1 37. Rd7 Nxc3 38. Ra7 Rf8 39. g3 Nd5 40. Ra5 Ne3 41. h4 Rf1+ 42. Kh2 Rf2+ 43. Kh1 Rb2 44. Ne6 Nc4 45. Ra7 a3 46. Rg7+ Kh8 47. Rf7 h5 48. Rf8+ Kh7 49. Rf7+ Kh8 50. Ra7 1/2-1/2

[Event "Regionalliga SW 1011"]
[Site "Bayern"]
[Date "2010.11.14"]
[Round "3.2"]
[White "Schreiner, Richard"]
[Black "Boehm, Uwe"]
[Result "1-0"]
[WhiteElo "2112"]
[BlackElo "2085"]
[PlyCount "111"]
[EventDate "2010.10.10"]
[EventType "team-tourn"]
[EventRounds "9"]
[EventCountry "GER"]
[SourceTitle "EXT 2012"]
[Source "ChessBase"]
[SourceDate "2011.11.24"]
[SourceVersion "1"]
[SourceVersionDate "2011.11.24"]
[SourceQuality "1"]
[WhiteTeam "Garching II"]
[BlackTeam "Muenchen Siemens"]
[WhiteTeamCountry "GER"]
[BlackTeamCountry "GER"]

1. d4 d5 2. g3 Nf6 3. Bg2 c6 4. Nf3 Bg4 5. Ne5 Bh5 6. 0-0 e6 7. c4 Nbd7 8. Nc3 Be7 9. h3 Nxe5 10. dxe5 Nd7 11. cxd5 cxd5 12. f4 Bg6 13. Kh2 0-0 14. Be3 Bc5 15. Bxc5 Nxc5 16. b4 Na6 17. a3 Qb6 18. e4 dxe4 19. Nxe4 Bxe4 20. Bxe4 Rfd8 21. Qe2 Rac8 22. Rad1 Nb8 23. Rxd8+ Rxd8 24. Rd1 Nc6 25. Rxd8+ Nxd8 26. Qd3 g6 27. h4 h5 28. Kg2 Qc7 29. Kf3 Kf8 30. g4 hxg4+ 31. Kxg4 Ke8 32. Qd4 b6 33. Bf3 Nc6 34. Qc3 Kd7 35. Qd3+ Ke8 36. Qb5 Kd7 37. Kg5 Qd8+ 38. Kg4 Qc7 39. h5 gxh5+ 40. Kxh5 Qc8 41. Qd3+ Ke8 42. Qb5 Kd7 43. Be4 Qh8+ 44. Kg4 Qg8+ 45. Kf3 Qc8 46. Ke3 Qc7 47. Qa4 Qc8 48. f5 a6 49. f6 b5 50. Qd1+ Kc7 51. Qd6+ Kb6 52. Kf4 Qe8 53. Bf3 Qc8 54. Qc5+ Kb7 55. a4 Qd7 56. a5 1-0

[Event "Regionalliga SW 0910"]
[Site "Bayern"]
[Date "2010.01.24"]
[Round "5.2"]
[White "Kunze, Holger"]
[Black "Boehm, Uwe"]
[Result "1-0"]
[WhiteElo "2118"]
[BlackElo "2085"]
[PlyCount "81"]
[EventDate "2009.10.18"]
[EventType "team-tourn"]
[EventRounds "9"]
[EventCountry "GER"]
[SourceTitle "EXT 2011"]
[Source "ChessBase"]
[SourceDate "2010.11.26"]
[SourceVersion "1"]
[SourceVersionDate "2010.11.26"]
[SourceQuality "1"]
[WhiteTeam "Bayern Muenchen III"]
[BlackTeam "Muenchen Siemens"]
[WhiteTeamCountry "GER"]
[BlackTeamCountry "GER"]

1. d4 d5 2. c4 c6 3. Nf3 Nf6 4. Nc3 e6 5. e3 Nbd7 6. Qc2 Bd6 7. g4 h6 8. Bd2 b6 9. Rg1 Bb7 10. h4 Qe7 11. g5 hxg5 12. hxg5 Nh5 13. 0-0-0 dxc4 14. Bxc4 0-0-0 15. Kb1 Kb8 16. g6 fxg6 17. Rxg6 Nf8 18. Rgg1 Nf6 19. Ng5 Bc7 20. Nce4 Rh4 21. f4 Nd5 22. Qb3 Nd7 23. Rg3 Rdh8 24. Rdg1 Rh1 25. Qd1 Rxg1 26. Rxg1 N7f6 27. a3 Rd8 28. Qb3 Nxe4 29. Nxe4 Rh8 30. Ng5 Rh2 31. Bc1 Qf6 32. Bd3 Qh6 33. e4 Nxf4 34. Bxf4 Bxf4 35. Nxe6 Rh1 36. Rxh1 Qxh1+ 37. Ka2 Be3 38. Qb4 Qh8 39. Qd6+ Ka8 40. Nc7+ Kb8 41. Nd5+ 1-0